000 00447nam a2200169Ia 4500
008 230917s9999||||xx |||||||||||||| ||und||
020 _cRS1199
040 _e256149
_aMAIN
041 _aEnglish
082 _a411 R812B
100 _aRoy, Ankita
245 0 _aBrahmi: Rediscovering the lost script
260 _aDelhi
_bResurrect Books
_c2016
300 _aii, 140 p.
500 _a3494 15/07/2019 RK19/843 16/07/2019 Main Budget
942 _cBK
999 _c31518
_d31518